| 000 | 00833 a2200205 4500 | ||
|---|---|---|---|
| 020 | _a0764507958 | ||
| 040 | _aDLC | ||
| 082 | 0 | 0 | _a005.4469 |
| 100 | 1 | _aHall, Jon, | |
| 245 | 1 | 0 |
_aRed Hat Linux 7 for dummies _cJon "Maddog" Hall and Paul G. Sery. |
| 260 |
_aFoster City, CA : _bIDG Books Worldwide, _cc2001. |
||
| 300 |
_axxii, 393 p. : _bill. ; _c24 cm. + _e3 computer optical discs (4 3/4 in.) |
||
| 440 | 0 | _a--For dummies | |
| 650 | 0 | _aOperating systems (Computers) | |
| 700 | 1 | _aSery, Paul G. | |
| 856 | 4 | 2 |
_3Publisher description _uhttp://www.loc.gov/catdir/description/wiley038/00108205.html |
| 856 | 4 | 2 |
_3Table of contents _uhttp://www.loc.gov/catdir/toc/wiley021/00108205.html |
| 856 | 4 | 2 |
_3Contributor biographical information _uhttp://www.loc.gov/catdir/enhancements/fy0705/00108205-b.html |
| 942 |
_cBK _k005.4469 HAL _2ddc |
||
| 999 |
_c6399 _d6399 |
||